00533nam a2200193 a 4500001001300000003000900013005001700022008004100039020001000080082001600090100002600106245006400132260003200196300000900228500003500237505001400272650002700286700002600313nice12345678IN_TiNIC20260116012103.0050524s1937 lona grp 000 0 eng  ac10000a248.22bWEA aWeatherhead, Leslie D aTransforming Friendshipb a Book About Jesus and Ourselves. aLondonbEpworth Pressc1937 a164p aincludes index and biblioraphy2 aQuestions aMysticism-Christianity1 aWeatherhead, Leslie D